000
00349nam a2200157Ia 4500
005
20250423095543.0
008
250422s9999 xx 000 0 und d
020
_a
9759132125
050
_a
DS 51 .S216/
245
0
_a
Guide : Samsun
260
_a
Asarcik
260
_b
Governorship of Samsun
260
_c
2008
300
_a
224 p
942
_c
BK
999
_c
30626
_d
30626